Konkurs-frühwarnsystem im firmenkundengeschäft von banken / (Record no. 266)
[ view plain ]
| 000 -LEADER | |
|---|---|
| fixed length control field | 00543nam a22001937a 4500 |
| 008 - FIXED-LENGTH DATA ELEMENTS--GENERAL INFORMATION | |
| fixed length control field | 131111b xxu||||| |||| 00| 0 ger d |
| 020 ## - INTERNATIONAL STANDARD BOOK NUMBER | |
| International Standard Book Number | 3854284500 |
| 041 0# - LANGUAGE CODE | |
| Language code of text/sound track or separate title | ger |
| 080 ## - UNIVERSAL DECIMAL CLASSIFICATION NUMBER | |
| Universal Decimal Classification number | 336.71 |
| 100 1# - Rafti | |
| Rafti | Manessinger, Harald |
| 245 10 - TITLE STATEMENT | |
| Title | Konkurs-frühwarnsystem im firmenkundengeschäft von banken / |
| Statement of responsibility, etc | Harald Manessinger |
| 260 ## - | |
| -- | Wien : |
| -- | Facultas ; |
| -- | 2002. |
| 300 ## - | |
| -- | 175 f. : |
| -- | 24 cm. |
| 500 ## - | |
| -- | Vorwort : f. 5 |
| 505 ## - | |
| -- | Literaturverzeichnis : f. 171 - 175 |
| 650 #0 - | |
| -- | Falimentimi |
| 650 #0 - | |
| -- | Bankat |
| 942 ## - ADDED ENTRY ELEMENTS (KOHA) | |
| Source of classification or shelving scheme | |
| Item type | Books |
| Withdrawn status | Lost status | Source of classification or shelving scheme | Damaged status | Not for loan | Collection code | Permanent location | Current location | Shelving location | Date acquired | Total Checkouts | Full call number | Barcode | Date last seen | Koha item type |
|---|---|---|---|---|---|---|---|---|---|---|---|---|---|---|
| Koleksioni i përgjithshem | UBT - Prishtine | UBT - Prishtine | Koleksioni i përgjithshem | 11/11/2013 | 336.71 MAN | 001-000312 | 11/11/2013 | Books | ||||||
| Koleksioni i përgjithshem | UBT - Prishtine | UBT - Prishtine | Koleksioni i përgjithshem | 11/11/2013 | 336.71 MAN | 001-000313 | 11/11/2013 | Books | ||||||
| Koleksioni i përgjithshem | UBT - Prishtine | UBT - Prishtine | Koleksioni i përgjithshem | 11/11/2013 | 336.71 MAN | 001-000314 | 11/11/2013 | Books | ||||||
| Koleksioni i përgjithshem | UBT - Prishtine | UBT - Prishtine | Koleksioni i përgjithshem | 11/11/2013 | 336.71 MAN | 001-000315 | 11/11/2013 | Books |